Регионална библиотека "Любен Каравелов" - Русе

Стара планина (Запис номер 431562)

MARC детайли
000 -Лидер
Контролно поле с фиксирана дължина 01080nam a2200289 c 4500
003 - Код на организацията, давaща контролен номер
Контролно поле BLK
005 - Дата и час на последна редакция
Контролно поле 20250127092745.0
008 - Елементи от данни с фиксирана дължина
fixed length control field 180411b bul|||||r ||||||| ||bul||
040 ## - Източник на каталожния запис
Идентификатор на билиотеката - собственик на записа BLK
041 ## - Код за език
Код за езика на текст/звукозапис или на отделно заглавие Български
Код за езика КДБФ Български
080 ## - УДК
Текстов определител УДК География на България
УДК код - определител по УДК 913(497.2)
УДК - код + определител 913(497.2)
100 1# - Редна дума - Автор
Автор Рачев, Косьо
Дати, свързани с автора 1868?-
R(LIN) 337677
139 ## - Редно поле
Редна дума Рачев, Косьо
Авторски знак Рач - Р 41
245 10 - Сведения за заглавието
Заглавие Стара планина
Редно поле (дума) Косьо Рачев
257 ## - Страна на издаване
Страна на създаване/издаване България
260 ## - Област на издателските данни
Място на издаване, разпространение и проч. София
Година на издаване 1924
Печатница София : Арм. воен.-изд. фонд
300 ## - Физическа характеристика
Страници 23 с.
Илюстрации и др. с ил.
Размери/Мащаб 21 см
380 ## - Жанр
Жанр География
490 ## - СЕРИИ (Колекции)
Име на серия Илюстрована библиотека Географско четиво
№: серия Г. II, N 1
9 (RLIN) 205761
650 #0 - Допълнително описание по предмет – тема
Основно описание – тема или топоним Стара планина
9 (RLIN) 423507
650 #7 - Допълнително описание по предмет – тема
Основно описание – тема или топоним България - география
Източник на редна или ключова дума
9 (RLIN) 149509
651 #4 - Допълнително описание по предмет - топоним
Географско понятие България
9 (RLIN) 241624
651 #7 - Допълнително описание по предмет - топоним
Географско понятие Източна Стара планина
9 (RLIN) 178941
852 ## - Местоположение
Форматна сигнатура Цб 9.210.48814
Фондова буква Основен фонд - ползва се само за читалня
999 ## - СИСТЕМНИ КОНТРОЛНИ НОМЕРА
Koha biblionumber 431562
Koha biblioitemnumber 431562
942 ## - АРТИКУЛИ
Вид на библиотечния материал Книги
Скрит в OPAC Не
Периодичен библиозапис Да
944 ## - СЪЗДАВАНЕ И РЕДАКЦИЯ на ЗАПИСА
Създаване/Редакция Създаване
Дата на регистрацията/редакция 2021-09-13
Служител, извършил регистрацията/редакцията 30560
Статус, дата на статуса Геновева Генчева
Наличности
Код за отписване Код за изгубен артикул Източник на класификационната схема Код за повреда Коз за рестрикции Код за отдаване Артикулен № Име на библиотеката - собственик Име на библиотеката, в която се намира в момента Статус (Текущо местоположение) Дата на вписване в системата Местоположение - отдел Цена в лева Инвентарен номер Систематично азбучна сигнатура Баркод Цена в евро Служебен тип на артикула
  Не е изгубен Universal Decimal Classification Не е повреден само за читалня ползва се в читалня 851885 Регионална библиотека "Любен Каравелов" Русе Регионална библиотека "Любен Каравелов" Русе Хранилище 2021-09-14 Основен фонд - ползва се само за читалня 0.05 13441/58 Цб 9.210.48814 900000078019 0.03 Книги
Vip Innovations Ltd, Rousse, Bulgaria 2025